| 000 | 00733nam a2200241 a 4500 | ||
|---|---|---|---|
| 001 | 3772 | ||
| 003 | BD-RjUL | ||
| 005 | 20211208233800.0 | ||
| 008 | 160728r19711967nyuab b 001 0 eng d | ||
| 035 | _a(BD-RjUL)3806 | ||
| 040 |
_aDLC _cDLC _dDLC _dBD-RjUL _beng |
||
| 041 | _aeng | ||
| 082 | 0 | 0 |
_a341.11 _bGON 1971 _223 |
| 100 | 1 |
_aGoodspeed, Stephen S. _911995 |
|
| 245 | 1 | 4 |
_aThe nature and function of international organization / _c Stephen S. Goodspeed. |
| 250 | _a2d ed. | ||
| 260 |
_aNew York : _bOxford University Press, _cc1967 [printed 1971] |
||
| 300 |
_axii, 733 p. : _bill. ; _c23 cm. |
||
| 500 | _aIncludes Index | ||
| 610 | 2 | 0 |
_aUnited Nations. _9140255 |
| 650 | 0 |
_aInternational organization. _96404 |
|
| 942 |
_2ddc _cBK |
||
| 999 |
_c3772 _d3772 |
||